Algérie / (Record no. 164074)
[ view plain ]
| 000 -LEADER | |
|---|---|
| campo de control de longitud fija | 01354nam a2200349 i 4500 |
| 001 - NÚMERO DE CONTROL | |
| campo de control | 164074 |
| 003 - IDENTIFICADOR DE NÚMERO DE CONTROL | |
| campo de control | ES-MaACL |
| 005 - FECHA Y HORA DE LA ÚLTIMA TRANSACCIÓN | |
| campo de control | 20250817210515.0 |
| 008 - DATOS DE LONGITUD FIJA--INFORMACIÓN GENERAL | |
| campo de control de longitud fija | 030226s1862 fr |||| | fre d |
| 080 ## - NÚMERO DE LA CLASIFICACIÓN DECIMAL UNIVERSAL | |
| Número de la Clasificación Decimal Universal | 94(65) |
| 080 ## - NÚMERO DE LA CLASIFICACIÓN DECIMAL UNIVERSAL | |
| Número de la Clasificación Decimal Universal | 94(611) |
| 080 ## - NÚMERO DE LA CLASIFICACIÓN DECIMAL UNIVERSAL | |
| Número de la Clasificación Decimal Universal | 94(612) |
| 100 1# - ENTRADA PRINCIPAL--NOMBRE DE PERSONA | |
| Nombre de persona | Rozet, Claude Antoine. |
| 9 (RLIN) | 158437 |
| 245 10 - MENCIÓN DEL TÍTULO | |
| Título | Algérie / |
| Mención de responsabilidad, etc. | par Rozet et Clarette . |
| Resto del título | États Tripolitains / par Ferd. Hoefer . Tunis / par Louis Frank ; revue et acompagnée d'un précis historique par M. J. Marcel. |
| 246 3# - FORMA VARIANTE DEL TITULO | |
| Título propio/Titulo breve | États Tripolitains |
| 246 3# - FORMA VARIANTE DEL TITULO | |
| Título propio/Titulo breve | Tunis |
| 260 ## - PUBLICACIÓN, DISTRIBUCIÓN, ETC. | |
| Lugar de publicación, distribución, etc. | Paris : |
| Nombre del editor, distribuidor, etc. | Firmin Didot Frères, Fils et Cie, |
| Fecha de publicación, distribución, etc. | 1862. |
| 300 ## - DESCRIPCIÓN FÍSICA | |
| Extensión | 347, 128, 228 p., [20] h. de lám., [3] h. pleg. de mapas ; |
| Dimensiones | 21 cm. |
| 490 1# - MENCIÓN DE SERIE | |
| Mención de serie | L'Univers: histoire et description de tous les peuples |
| 500 ## - NOTA GENERAL | |
| Nota general | Índice. |
| 651 #4 - PUNTO DE ACCESO ADICIONAL DE MATERIA--NOMBRE GEOGRÁFICO | |
| Nombre geográfico | Mediterráneo (Región)- |
| Subdivisión general | Descripción- |
| Subdivisión cronológica | S.XIX. |
| 9 (RLIN) | 9045 |
| 651 ## - PUNTO DE ACCESO ADICIONAL DE MATERIA--NOMBRE GEOGRÁFICO | |
| Nombre geográfico | Túnez- |
| Subdivisión general | Historia. |
| 9 (RLIN) | 155314 |
| 651 #4 - PUNTO DE ACCESO ADICIONAL DE MATERIA--NOMBRE GEOGRÁFICO | |
| Nombre geográfico | Argelia- |
| Subdivisión general | Historia. |
| 9 (RLIN) | 7801 |
| 651 #4 - PUNTO DE ACCESO ADICIONAL DE MATERIA--NOMBRE GEOGRÁFICO | |
| Nombre geográfico | Tripolitania- |
| Subdivisión general | Historia. |
| 9 (RLIN) | 159951 |
| 700 1# - ENTRADA AGREGADA--NOMBRE PERSONAL | |
| Nombre de persona | Carette, Antoine-Ernest-Hippolyte, |
| Fechas asociadas al nombre | 1808-1890 |
| 9 (RLIN) | 158438 |
| 700 1# - ENTRADA AGREGADA--NOMBRE PERSONAL | |
| Nombre de persona | Hoefer, Ferdinand. |
| 9 (RLIN) | 63914 |
| 700 1# - ENTRADA AGREGADA--NOMBRE PERSONAL | |
| Nombre de persona | Frank, Louis ( |
| Fechas asociadas al nombre | 1762-1825) |
| 9 (RLIN) | 158439 |
| 700 1# - ENTRADA AGREGADA--NOMBRE PERSONAL | |
| Nombre de persona | Marcel, J. |
| 9 (RLIN) | 129442 |
| 830 1# - PUNTO DE ACCESO ADICIONAL DE SERIE-TÍTULO UNIFORME | |
| Título uniforme | L'Univers: histoire et description de tous les peuples |
| 9 (RLIN) | 188404 |
| 852 ## - LOCALIZACIÓN | |
| Ubicación | ES-MaACL |
| Número de control de estantería | G-11464 |
| Nota libre | - Enc. hol. |
| Estatus retirado | Estado de pérdida | Estado de daño | No para préstamo | Colección | Biblioteca de origen | Biblioteca actual | Ubicación en estantería | Fecha de adquisición | Fuente de adquisición | Total de préstamos | Signatura topográfica completa | Código de barras | Visto por última vez | Precio de reemplazo | Tipo de ítem Koha |
|---|---|---|---|---|---|---|---|---|---|---|---|---|---|---|---|
| Libros del s. XIX | Biblioteca del Ateneo de Madrid | Biblioteca del Ateneo de Madrid | Sala Pecera Planta 3 | 17/01/2008 | G-11464 | 1171958 | 23/02/2023 | 23/02/2023 | Libro impreso antiguo |
